00979nam a2200253Ia 4500003000400000005001700004006001800021007000300039008004100042024001000083037001100093040001800104041001300122100002400135110012300159245017100282260004500453300001900498650001100517700004300528700012300571942001200694999001900706OSt20220930084543.0a|||||r|||| 00| 0ta220926b |||||||| |||| 00| 0 eng d a85007 cTheses aCRLcCRLbeng 2engaeng aJain Mukesh9537922 aUniversity of Delhi. Faculty of Inter-disciplinary and Applied Sciences. Department of Plant Molecular Biology9523650 0aFunctional analysis of genes encoding topoisomerase 6 homologues and genome wide analysis of early auxin and cytokinin responsive gene families in rice (Oryza sativa) aDelhibUniversity of Delhi India c2006 a233p.ap.ccm. aPLANTS a Prof. Jitendra P. Khurana Gu.9533300 aUniversity of Delhi. Faculty of Inter-disciplinary and Applied Sciences. Department of Plant Molecular Biology9523651 cDIS2CC c877396d877396